000
00321 a2200109 4500
001
ART_10080
005
20260410161847.0
008
260409a
245
1
0
_a
La investigación de empresas ayer y hoy
100
1
_a
Schneider, Erich
773
0
_t
Económica
_g
- Año XII, Nº 38 (ene./abr.1967)
_w
REV7541
999
_c
24685
_d
24685